| 000 | 00658nam a22001937a 4500 | ||
|---|---|---|---|
| 003 | DO-SdBNP | ||
| 005 | 20180320112557.0 | ||
| 008 | 171127b 2008 sp a ||| 00| 0 spa d | ||
| 040 |
_aBPMSU _bspa _cBPMSU |
||
| 082 |
_axxxxx _bxxxxx |
||
| 245 |
_aMétodos anticonceptivos : _bbases fisiológica. Manejo clínico / _ceditor Ezequiel Pérez Campos, Iñaqui Lete |
||
| 260 |
_aEspaña : _bCírculo de estudio en anticoncepción, _c2008. |
||
| 300 |
_a250 p. : _bil. ; _c24 cm. |
||
| 700 | 1 |
_aLete, Iñaki, _eed. |
|
| 700 | 1 |
_aPérez Campos, Ezequiel, _eed. |
|
| 942 |
_2ddc _cBK |
||
| 945 | _aInventariado extranjero / 2017 BT | ||
| 956 |
_aBTAVAREZ _b10 _c20171127 _d0038 |
||
| 999 |
_c13144 _d13144 |
||